Nonlinear Differential Equations (Record no. 6843)

000 -LEADER
fixed length control field 00488nam a22001817a 4500
001 - CONTROL NUMBER
control field 6843
003 - CONTROL NUMBER IDENTIFIER
control field BD-DhUET
008 - FIXED-LENGTH DATA ELEMENTS--GENERAL INFORMATION
fixed length control field 141205b xxu||||| |||| 00| 0 eng d
040 ## - CATALOGING SOURCE
Original cataloging agency DLC
Transcribing agency DLC
Modifying agency BD-DhUET
082 ## - DEWEY DECIMAL CLASSIFICATION NUMBER
Classification number 517.382
Item number STR/1962
100 ## - MAIN ENTRY--PERSONAL NAME
Personal name Struble, Raimond A.
245 ## - TITLE STATEMENT
Title Nonlinear Differential Equations
Statement of responsibility, etc. by Raimond A. Struble
250 ## - EDITION STATEMENT
Edition statement 1st ed.
260 ## - PUBLICATION, DISTRIBUTION, ETC. (IMPRINT)
Place of publication, distribution, etc. New Delhi
Name of publisher, distributor, etc. Tata McGraw - Hill
Date of publication, distribution, etc. 1962
300 ## - PHYSICAL DESCRIPTION
Extent x,267p.
Other physical details ill.
650 #0 - SUBJECT ADDED ENTRY--TOPICAL TERM
Topical term or geographic name as entry element Differential Equations
942 ## - ADDED ENTRY ELEMENTS (KOHA)
Koha item type General Book
Holdings
Not for loan Copy number Piece designation (barcode) Lost status Price effective from Koha item type Location (home branch) Shelving location Date acquired Koha date last seen Damaged status Koha full call number Sublocation or collection (holding branch) Withdrawn status Koha normalized classification for sorting Source of classification or shelving scheme
 335463 2014-12-05General BookCentral Library, BUETCirculation section2014-12-052014-12-05 517.382/ STR/1962Central Library, BUET 517_382000000000000_STR_1962 
 235470 2014-12-05General BookCentral Library, BUETCirculation section2014-12-052014-12-05 517.382/ STR/1962Central Library, BUET 517_382000000000000_STR_1962 
 435464 2015-04-08General BookCentral Library, BUETCirculation section2015-04-082015-04-08 517.382/STR/1962Central Library, BUET 517_382000000000000_STR_1962 
 135465 2015-04-11General BookCentral Library, BUETCirculation section2015-04-112015-04-11 517.382/STR/1962Central Library, BUET 517_382000000000000_STR_1962